مكتبة جامعة عجلون الوطنية

فهرس بحث المكتبة

Financial statement analysis : (Record no. 33469)

MARC details
000 -LEADER
fixed length control field 00993nam a2200289 a 4500
001 - CONTROL NUMBER
control field 2913113
003 - CONTROL NUMBER IDENTIFIER
control field JO-AjAnu
005 - DATE AND TIME OF LATEST TRANSACTION
control field 20240429111834.0
008 - FIXED-LENGTH DATA ELEMENTS--GENERAL INFORMATION
fixed length control field 880322t19881989ilua b 001 0 eng
010 ## - LIBRARY OF CONGRESS CONTROL NUMBER
LC control number 88080897
020 ## - INTERNATIONAL STANDARD BOOK NUMBER
International Standard Book Number 0256061858
040 ## - CATALOGING SOURCE
Original cataloging agency DLC
Transcribing agency DLC
Modifying agency JO-AjAnu
Language of cataloging eng
041 ## - LANGUAGE CODE
Language code of text/sound track or separate title eng
Language code of original eng
050 00 - LIBRARY OF CONGRESS CALL NUMBER
Classification number HF5681.B2
Item number B46 1989
082 00 - DEWEY DECIMAL CLASSIFICATION NUMBER
Classification number 657/.33
Edition number 19
100 1# - MAIN ENTRY--PERSONAL NAME
Personal name Bernstein, Leopold A.
245 10 - TITLE STATEMENT
Title Financial statement analysis :
Remainder of title theory, application, and interpretation /
Statement of responsibility, etc. Leopold A. Bernstein.
250 ## - EDITION STATEMENT
Edition statement 4th ed.
260 ## - PUBLICATION, DISTRIBUTION, ETC.
Place of publication, distribution, etc. Homewood, Ill. :
Name of publisher, distributor, etc. Irwin,
Date of publication, distribution, etc. 1988, c1989.
300 ## - PHYSICAL DESCRIPTION
Extent xxvi, 1003 p. :
Other physical details ill. ;
Dimensions 25 cm.
440 #4 - SERIES STATEMENT/ADDED ENTRY--TITLE
Title The Robert N. Anthony/Willard J. Graham series in accounting
504 ## - BIBLIOGRAPHY, ETC. NOTE
Bibliography, etc. note Includes bibliographical references and index.
650 #0 - SUBJECT ADDED ENTRY--TOPICAL TERM
Topical term or geographic name entry element Financial statements.
906 ## - LOCAL DATA ELEMENT F, LDF (RLIN)
a 7
b cbc
c orignew
d 3
e opcn
f 19
g y-gencatlg
942 ## - ADDED ENTRY ELEMENTS (KOHA)
Source of classification or shelving scheme Library of Congress Classification
Koha item type Books
Suppress in OPAC No
Holdings
Withdrawn status Lost status Source of classification or shelving scheme Damaged status Not for loan Home library Current library Date acquired Total Checkouts Full call number Barcode Date last seen Price effective from Koha item type
    Library of Congress Classification     مكتبة جامعة عجلون الوطنية مكتبة جامعة عجلون الوطنية 29/04/2024   HF5681.B2 1989 e3575 29/04/2024 29/04/2024 Books